| 000 | 01008nam a2200205Ia 4500 | ||
|---|---|---|---|
| 001 | 10866 | ||
| 003 | GE_BSU | ||
| 008 | 181216s||||||||xx |||||||||||||| ||und|| | ||
| 040 | _cGE_BSU | ||
| 080 | _a821.353.1–32 | ||
| 245 | _aქართული მოთხრობა ორ წიგნად.წიგნი პირველი:1921–1971. | ||
| 245 | _cსარედ.კოლეგია.ნოდარ დუმბაძე,კონსტანტინე ლორთქიფანიძე(მთ რედაქტორი)გიორგი ნატროშვილი და სხვ;მხატვ.ვლ.გრიგოლია. | ||
| 260 | _aთბილისი. | ||
| 260 | _bმერანი. | ||
| 260 | _c1973. | ||
| 300 | _a597გვ;20სმ. | ||
| 300 | _eფოტო–პორტრეტები. | ||
| 653 | _aქართული მოთხრობა ორ წიგნად.წიგნი პირველი:1921–1971. | ||
| 942 | _cBK | ||
| 999 |
_c44108 _d44108 |
||